Zaměstnanci oceňují podporu zdraví a soulad rodinného a pracovního života
Benefity, ktoré ponúkajú známe spoločnosti v ČR. Možnosť výberu podľa veku a záujmu. Všetky generácie si cenia zdravie. Do benefitov začína hovoriť aj diverzita. Benefity trh práce veľmi neovplyvnia.
Salvato in:
| Autore principale: | |
|---|---|
| Natura: | Capitolo di libro |
| Lingua: | ceco |
| Soggetti: | |
| Tags: |
Nessun Tag, puoi essere il primo ad aggiungerne!!
|
MARC
| LEADER | 00000naa a2200000 4500 | ||
|---|---|---|---|
| 001 | 0242687 | ||
| 005 | 20180509111113.7 | ||
| 041 | 0 | |a cze | |
| 044 | |a CZ | ||
| 245 | 1 | 0 | |a Zaměstnanci oceňují podporu zdraví a soulad rodinného a pracovního života |c Alena Kazdová |
| 520 | |a Benefity, ktoré ponúkajú známe spoločnosti v ČR. Možnosť výberu podľa veku a záujmu. Všetky generácie si cenia zdravie. Do benefitov začína hovoriť aj diverzita. Benefity trh práce veľmi neovplyvnia. | ||
| 610 | 2 | 0 | |a benefity |
| 610 | 2 | 0 | |a zamestnanci |
| 610 | 2 | 0 | |a zamestnávatelia |
| 100 | 1 | |a Kazdová, Alena | |